Física para ciencias de la vida.
Saved in:
| Hovedforfatter: | |
|---|---|
| Andre forfattere: | , |
| Format: | Bog |
| Sprog: | spansk |
| Udgivet: |
Madrid, España
McGraw-Hill
2009
|
| Udgivelse: | Segunda edición |
| Fag: | |
| Online adgang: | Disponible Online |
| Tags: |
Tilføj Tag
Ingen Tags, Vær først til at tagge denne postø!
|
MARC
| LEADER | 00000cam a2200000 a 4500 | ||
|---|---|---|---|
| 001 | UCF4354 | ||
| 003 | CL-VaPUC | ||
| 005 | 20210707001250.0 | ||
| 008 | 121130e20090000SP |||||||||||||||||spa|d | ||
| 999 | |c 350161 |d 350159 | ||
| 020 | |a 9788448168032 | ||
| 040 | |c Pontificia Universidad Católica de Valparaíso | ||
| 082 | 0 | 4 | |a 530 JOU 2009 |2 21 |
| 100 | |a Jou Mirabent, David |9 595955 | ||
| 245 | 1 | 0 | |a Física para ciencias de la vida. |
| 250 | |a Segunda edición | ||
| 260 | 0 | 3 | |a Madrid, España |b McGraw-Hill |c 2009 |
| 300 | |a 459 páginas | ||
| 583 | |a last modification |c 20121130 23:21:00 |k Rodrigo Vera | ||
| 650 | 0 | |a Física |9 227844 | |
| 650 | 0 | |a Mecánica |9 260096 | |
| 650 | 0 | |a Acústica |9 265389 | |
| 650 | 0 | |a Optica |9 263171 | |
| 650 | 0 | |a Electricidad |9 260222 | |
| 650 | 0 | |a Magnetismo |9 260336 | |
| 650 | 0 | |a Termodinámica |9 259320 | |
| 700 | |a Llebot Rabagliati, Josep Enric |e autor |9 565872 | ||
| 700 | |a Pérez García, Carlos |9 565873 | ||
| 856 | |u http://bibliografiadigital.pucv.cl.pucv.idm.oclc.org/index.php/bibliotecapucv/catalog/book/569 |y Disponible Online | ||
| 942 | |c BK |2 ddc | ||
| 945 | |d 20121130 00:00:00 |a dcastane | ||
| 952 | |0 0 |1 0 |2 ddc |4 0 |6 530_000000000000000_JOU_2009 |7 0 |8 A |9 453366 |a BIBCUR |b BIBCUR |d 2019-11-22 |i 4946804 |l 2 |o 530 JOU 2009 |p 4946804 |r 2025-04-22 |s 2025-03-24 |t 2 |w 2019-11-22 |y BK |k FIS | ||
| 952 | |0 0 |1 0 |2 ddc |3 erb |4 0 |6 530_000000000000000_JOU_2009 |7 0 |8 A |9 453367 |a BIBAGR |b BIBAGR |i 5033144 |o 530 JOU 2009 |p 5033144 |r 2025-01-20 |t 3 |w 2019-11-22 |y BK |z Catalogado en:20131206 |k AGR | ||
| 952 | |0 0 |1 0 |2 ddc |3 erb |4 0 |6 530_000000000000000_JOU_2009 |7 0 |8 A |9 453368 |a BIBAGR |b BIBAGR |i 5033152 |o 530 JOU 2009 |p 5033152 |r 2025-01-20 |t 4 |w 2019-11-22 |y BK |z Catalogado en:20131206 |k AGR | ||
| 952 | |0 0 |1 0 |2 ddc |3 erb |4 0 |6 530_000000000000000_JOU_2009 |7 0 |8 A |9 453369 |a BIBAGR |b BIBAGR |i 5033160 |o 530 JOU 2009 |p 5033160 |r 2025-01-20 |t 5 |w 2019-11-22 |y BK |z Catalogado en:20131206 |k AGR | ||
| 952 | |0 0 |1 0 |2 ddc |3 erb |4 0 |6 530_000000000000000_JOU_2009 |7 0 |8 A |9 453370 |a BIBAGR |b BIBAGR |i 5033179 |o 530 JOU 2009 |p 5033179 |r 2025-01-20 |t 6 |w 2019-11-22 |y BK |z Catalogado en:20131206 |k AGR | ||
| 952 | |0 0 |1 0 |2 ddc |3 erb |4 0 |6 530_000000000000000_JOU_2009 |7 0 |8 A |9 453371 |a BIBAGR |b BIBAGR |i 5033187 |o 530 JOU 2009 |p 5033187 |r 2025-01-20 |t 7 |w 2019-11-22 |y BK |z Catalogado en:20131206 |k AGR | ||
| 952 | |0 0 |1 0 |2 ddc |3 erb |4 0 |6 530_000000000000000_JOU_2009 |7 0 |8 A |9 453372 |a BIBAGR |b BIBAGR |i 5033195 |o 530 JOU 2009 |p 5033195 |r 2025-01-20 |t 8 |w 2019-11-22 |y BK |z Catalogado en:20131206 |k AGR | ||